Colors by Picture - Statistics

General Stats
  • This quiz has been taken 92 times
  • The average score is 12 of 12
Answer Stats
Picture Answer % Correct
Blue
100%
Green
100%
Red
100%
Yellow
100%
Black
99%
Brown
99%
Grey
99%
Orange
99%
Pink
99%
White
99%
Purple
98%
Tan/Light Brown
67%
No matching quizzes found
Score Distribution
Percent of People with Each Score
Percentile by Number Answered
Your Score History
You have not taken this quiz